<?xml version="1.0" encoding="UTF-8"?><?xml-stylesheet type="text/xsl" href="static/style.xsl"?><OAI-PMH xmlns="http://www.openarchives.org/OAI/2.0/" xmlns:xsi="http://www.w3.org/2001/XMLSchema-instance" xsi:schemaLocation="http://www.openarchives.org/OAI/2.0/ http://www.openarchives.org/OAI/2.0/OAI-PMH.xsd"><responseDate>2026-04-27T07:39:39Z</responseDate><request verb="GetRecord" identifier="oai:uvadoc.uva.es:10324/46263" metadataPrefix="marc">https://uvadoc.uva.es/oai/request</request><GetRecord><record><header><identifier>oai:uvadoc.uva.es:10324/46263</identifier><datestamp>2021-06-23T10:12:40Z</datestamp><setSpec>com_10324_1152</setSpec><setSpec>com_10324_931</setSpec><setSpec>com_10324_894</setSpec><setSpec>col_10324_1283</setSpec></header><metadata><record xmlns="http://www.loc.gov/MARC21/slim" xmlns:doc="http://www.lyncode.com/xoai" xmlns:xsi="http://www.w3.org/2001/XMLSchema-instance" xmlns:dcterms="http://purl.org/dc/terms/" xsi:schemaLocation="http://www.loc.gov/MARC21/slim http://www.loc.gov/standards/marcxml/schema/MARC21slim.xsd">
<leader>00925njm 22002777a 4500</leader>
<datafield tag="042" ind1=" " ind2=" ">
<subfield code="a">dc</subfield>
</datafield>
<datafield tag="720" ind1=" " ind2=" ">
<subfield code="a">Pérez Ibáñez, María Jesús</subfield>
<subfield code="e">author</subfield>
</datafield>
<datafield tag="260" ind1=" " ind2=" ">
<subfield code="c">2016</subfield>
</datafield>
<datafield tag="520" ind1=" " ind2=" ">
<subfield code="a">En la plautina Amphitruo, la esclava Bromia asume la importante misión de contar hechos que su amo no ha podido ver. Tras un largo periodo de tiempo, la criada Tésala del Amphitrión de Timoneda, sin perder su impronta plautina, es más que una mensajera. En esta modificación del personaje pensamos que hay que considerar, además de la personalidad de Timoneda, la transmisión del texto plautino y su presencia en la Península Ibérica.</subfield>
</datafield>
<datafield tag="520" ind1=" " ind2=" ">
<subfield code="a">In Plautus’ Amphitruo, the slave Bromia assumes the important task of telling facts that her master hasn’t been able to see. Some centuries later, the servant Tésala in Timoneda’s Amphitrión can be considered more than a messenger, without loosing Plautus’ influence. We think that the alteration of this character can be explained not only by Timoneda’s personality but also and mainly by the transmission of the text and its presence in Spain.</subfield>
</datafield>
<datafield tag="024" ind2=" " ind1="8">
<subfield code="a">Sousa e Silva, Maria de Fátima de; Zambujo Fialho, Maria do Céu; Lopes Brandao , José Luís (coords.). O livro do tempo: escritas e reescritas: teatro greco-latino e sua recepção. II. Coimbra, Universidade de Coimbra: Annablume, 2016,  págs. 101-115</subfield>
</datafield>
<datafield tag="024" ind2=" " ind1="8">
<subfield code="a">978-989-26-1297-3</subfield>
</datafield>
<datafield tag="024" ind2=" " ind1="8">
<subfield code="a">http://uvadoc.uva.es/handle/10324/46263</subfield>
</datafield>
<datafield tag="024" ind2=" " ind1="8">
<subfield code="a">101</subfield>
</datafield>
<datafield tag="024" ind2=" " ind1="8">
<subfield code="a">115</subfield>
</datafield>
<datafield tag="024" ind2=" " ind1="8">
<subfield code="a">O livro do tempo: escritas e reescritas: teatro greco-latino e sua recepção. II</subfield>
</datafield>
<datafield ind1=" " ind2=" " tag="653">
<subfield code="a">Plauto, Tito Maccio - Teatro</subfield>
</datafield>
<datafield ind1=" " ind2=" " tag="653">
<subfield code="a">Teatro español - Siglo XVI</subfield>
</datafield>
<datafield tag="245" ind1="0" ind2="0">
<subfield code="a">Bromia (de Plauto a Timoneda) o la evolución de un personaje</subfield>
</datafield>
</record></metadata></record></GetRecord></OAI-PMH>